Biblioteca

Filoprimatosis : (Registro nro. 58039)

Detalles MARC
000 -LÍDER
Campo fijo de descripción fija 00891aab a2200217 i 4500
001 - NÚMERO DE CONTROL
Campo de control 768714001
003 - IDENTIFICADOR DEL NÚMERO DE CONTROL
Campo de control CO-MdFUSB
005 - FECHA Y HORA DE LA ULTIMA TRANSACCIÓN
control field 20250718140704.0
008 - ELEMENTOS DE LONGITUD FIJA -- INFORMACIÓN GENERAL
Campo fijo de descripción fija -- Información general 170517t1997 cr ||||| |||| 00| 0 spa d
022 ## - NÚMERO INTERNACIONAL NORMALIZADO PARA PUBLICACIONES SERIADAS
Número Internacional Normalizado para Publicaciones Seriadas [No incluye ISSN]
040 ## - FUENTE DE CATALOGACIÓN
Agencia Catalogadora CO-MdFUSB
Idioma de catalogación spa
Agencia que realiza la transcripción CO-MdFUSB
Agencia que realiza la modificación CO-MdFUSB
041 ## - CÓDIGO DE IDIOMA
Código de idioma para texto/pista de sonido o título separado spa
100 1# - ASIENTO PRINCIPAL--NOMBRE PERSONAL
Nombre personal Sheetz, Pablo
Término relacionador autor
245 10 - TÍTULO
Título Filoprimatosis :
Subtitulo la codicia por el primer lugar
Mención de responsabilidad / Pablo Sheetz
300 ## - DESCRIPCIÓN FÍSICA
Extensión Volumen 14. Número 3 (1997), páginas 48-52
Dimensiones : 28 cm.
520 ## - NOTA DE RESUMEN, ETC.
Nota de sumario, etc. Filoprimatosis...una enfermedad que arruina los asuntos internos de la iglesia. La verdadera enfermedad se ve a veces en la manera de imponer las ideas y rodearse solamente de personas que obedecen sin preguntar.
650 #0 - ASIENTO SECUNDARIO DE MATERIA - TERMINO TEMÁTICO
9 (RLIN) 2014
Término temático o nombre geográfico como elemento de entrada Liderazgo
773 0# - ASIENTO DE ITEM FUENTE
Título Apuntes Pastorales
Biblionumber 49442
Itemnumber 60173
Parte(s) relacionada(s) / Volumen., número. (mes año), páginas Volumen 14. Número 3 (1997), páginas 48-52
Enumeración y primera página Página 48
942 ## - TIPO DE MATERIAL (KOHA)
Tipo de Item KOHA Artículos de Revista
945 ## - INFORMACIÓN LOCAL DEL REGISTRO
Catalogador JTF-925

No hay ítems disponibles.

Biblioteca FUSBC | Teléfono: (57+4) 349 88 10 Ext. 141| WhatsApp (+57) 3005338115 
E-mail: biblioteca@unisbc.edu.co | Calle 76 87-14 Robledo Palenque, Medellín, Colombia

Con tecnología Koha